Estadísticas para Capitales de América del Norte

Haz click aquí para tomar la prueba!

Estadísticas generales

  • Esta prueba ha sido tomada 6.945 veces
    (6.936 desde el último reinicio)
  • La puntuación promedio es 16 de 23

Estadísticas de respuestas

PaísCapital% Correcto
Estados UnidosWashington D.C.
97%
MéxicoCiudad de
México
96%
CanadáOttawa
94%
CubaHabana
92%
PanamaCiudad de
Panamá
90%
El SalvadorSan Salvador
84%
GuatemalaCiudad de
Guatemala
83%
Costa RicaSan José
82%
NicaraguaManagua
80%
JamaicaKingston
79%
HaitíPuerto Príncipe
78%
República DominicanaSanto Domingo
78%
HondurasTegucigalpa
76%
BeliceBelmopán
65%
Trinidad y TobagoPuerto España
64%
BahamasNasáu
61%
San Vicente y las GrenadinasKingstown
53%
GranadaSaint George
47%
Antigua y BarbudaSaint John's
47%
BarbadosBridgetown
46%
DominicaRoseau
46%
Santa LucíaCastries
43%
San Cristobal y NievesBasseterre
42%

Distribución de puntuación

Porcentaje por número respondido

Porcentaje de gente con cada puntuación

Historial de tus puntuaciones

No has tomado esta prueba desde el último reinicio